Компрометирующие излучения. Т. 2: Технические средства разведки и контроля побочных электромагнитных излучений и наводок (Запись № 12859762)

Подробности
000 -МАРКЕР
контрольное поле 01904nam2a2200289 4500
001 - ИДЕНТИФИКАТОР ЗАПИСИ
контрольное поле RU\NLR\BIBL_A\022139130
005 - ИДЕНТИФИКАТОР ВЕРСИИ
контрольное поле 20240523105803.0
010 ## - МЕЖДУНАРОДНЫЙ СТАНДАРТНЫЙ НОМЕР КНИГИ (ISBN)
Номер (ISBN) 978-5-00110-385-1
Уточнения т. 2
Тираж 1000
021 ## - НОМЕР ГОСУДАРСТВЕННОЙ РЕГИСТРАЦИИ
Код страны Российская Федерация
Номер КН-П-24-000301
Номер Листа государственной регистраци КН-П-24-0026
035 ## - ДРУГИЕ СИСТЕМНЫЕ НОМЕРА
Идентификатор записи (NLR Aleph) 022139130
035 ## - ДРУГИЕ СИСТЕМНЫЕ НОМЕРА
Идентификатор записи (RuMoRGB)012484949
100 ## - ДАННЫЕ ОБЩЕЙ ОБРАБОТКИ
Данные общей обработки 20240215d2023 k y0rusy50 ca
101 0# - ЯЗЫК РЕСУРСА
Язык текста, звукозаписи и т.д. русский
102 ## - СТРАНА ПУБЛИКАЦИИ ИЛИ ПРОИЗВОДСТВА
Страна публикации Российская Федерация
105 ## - ПОЛЕ КОДИРОВАННЫХ ДАННЫХ: ТЕКСТОВЫЕ МАТЕРИАЛЫ, МОНОГРАФИЧЕСКИЕ
Кодированные данные о монографическом текстовом документе a j 000yy
200 1# - ЗАГЛАВИЕ И СВЕДЕНИЯ ОБ ОТВЕТСТВЕННОСТИ
Основное заглавие Технические средства разведки и контроля побочных электромагнитных излучений и наводок
210 ## - ПУБЛИКАЦИЯ, РАСПРОСТРАНЕНИЕ И ДР.
Дата издания, распространения и т.д. 2023
215 ## - ФИЗИЧЕСКАЯ ХАРАКТЕРИСТИКА
Специфическое обозначение материала и объем 703, [1] с.
Другие сведения о физической характеристике ил., цв. ил., табл.
320 ## - ПРИМЕЧАНИЯ О НАЛИЧИИ В ДОКУМЕНТЕ БИБЛИОГРАФИИ / УКАЗАТЕЛЯ
Текст примечания Библиогр.: с. 586-616 (692 назв.)
461 #0 - УРОВЕНЬ НАБОРА
Встроенное поле 001RU\NLR\BIBL_A\016332047
-- 2001#$aКомпрометирующие излучения$eпособие$eдля специалистов (инженерно-технических работников) в области технической защиты информации (ТЗИ)$fА. В. Лысов$gАО "Лаборатория противодействия промышленному шпионажу"$vТ. 2
-- 700#1$aЛысов$bА. В.$gАндрей Владимирович
Системный номер (АБИС) связанной записи 13063636
Автор Лысов, А. В.
Место публикации Санкт-Петербург
Дата публикации 2022-
Первые сведения об ответственности А. В. Лысов
Имя издателя, распространителя и т.д. Медиапапир
Сведения, относящиеся к заглавию пособие : для специалистов (инженерно-технических работников) в области технической защиты информации (ТЗИ)
Заглавие Компрометирующие излучения
ISBN 978-5-00110-304-2
Номер тома Т. 2
606 1# - НАИМЕНОВАНИЕ ТЕМЫ КАК ПРЕДМЕТ
Наименование темы Радиоэлектронная аппаратура военная
Системный номер авторитетной/нормативной записи 1380272
Идентификатор авторитетной/нормативной записи RU\NLR\AUTH\66265544
686 1# - ИНДЕКСЫ ДРУГИХ КЛАССИФИКАЦИЙ
Индекс Ц921
942 ## - ДОПОЛНИТЕЛЬНЫЕ ЭЛЕМЕНТЫ ЗАПИСИ (АБИС)
Тип экземпляра АБИС Книга
980 ## - КОЛЛЕКЦИЯ
Название коллекции Национальная библиография
Экземпляры
Тип экземпляра Дата поступления Источник поступления Стоимость Библиотека постоянного хранения Библиотека текущего хранения Место хранения Шифр хранения Штрих-код Статус экземпляра
Книга 15.02.2024 Обязательный экземпляр 0.00 РНБ (Московский) РНБ (Московский) Русский книжный фонд: издания с 1957 года 2023-7/1699 1-4492167  
Книга 29.02.2024   0.00 РНБ (Садовая) РНБ (Садовая) Универсальный читальный зал   ERR-313058